| 000 | 01069nam a2200217 i 4500 | ||
|---|---|---|---|
| 001 | bg | ||
| 245 | 0 | 0 |
_aWłaściwości wytrzymałościowe i odkształceniowe skał. _nCz.1. _nT.1, _pSkały osadowe regionu świętokrzyskiego - Informatyczne karty dokumentacyjne odsłonięć, katalog / _cpod red. nauk. Joanny Pinińskiej ; Zakład Geomechaniki. Instytut Hydrogeologii i Geologii Inżynierskiej. Wydział Geologii Uniwersytetu Warszawskiego. |
| 260 |
_aWarszawa : _bWydział Geologii Uniwersytetu Warszawskiego, _c1994. |
||
| 300 |
_a30, [31]s., [12] k.tabl. złoż. : _bwykr. ; _c24 cm. |
||
| 504 | _aBibliogr. | ||
| 650 | 9 |
_aSkały osadowe _xgeologia _zPolska |
|
| 650 | 9 |
_aSkały osadowe _xmechanika _xbadanie _xmetody |
|
| 650 | 9 |
_aNaprężenia i odkształcenia _xbadanie _xmetody |
|
| 700 | 1 |
_aPINIŃSKA, Joanna. _eRed. nauk |
|
| 040 | _cBPK | ||
| 041 | _apol | ||
| 080 | _a552.5:539.3/.6](438) | ||
| 942 | _cKS | ||
| 008 | s pl f |000 0 pol | ||
| 856 |
_uhttp://koha.tu.koszalin.pl/cgi-bin/koha/opac-detail.pl?biblionumber=30839 _yKatalog online BPK |
||
| 999 |
_c30839 _d30839 |
||